书目信息 |
| 题名: |
恶性肿瘤分子靶向治疗
|
|
| 作者: | 李恩孝 主编 | |
| 分册: | ||
| 出版信息: | 北京 人民卫生出版社 2011 |
|
| 页数: | 636 | |
| 开本: | 26cm | |
| 丛书名: | ||
| 单 册: | ||
| 中图分类: | R73 | |
| 科图分类: | ||
| 主题词: | 肿瘤学 | |
| 电子资源: | ||
| ISBN: | 7-117-14309-7 | |
| 000 | 00583nam0 2200193 450 | |
| 001 | 1735846483 | |
| 005 | 20170410095726.48 | |
| 010 | @a7-117-14309-7@b精装@d¥98.00 | |
| 100 | @a20170410d km y0chiy0120 ea | |
| 101 | 0 | @achi |
| 200 | 1 | @a恶性肿瘤分子靶向治疗@Ae xing zhong liu fen zi ba xiang zhi liao@f李恩孝主编@Fli en xiao zhu bian |
| 205 | @a2版 | |
| 210 | @a北京@c人民卫生出版社@d2011 | |
| 215 | @a636@d26cm | |
| 606 | 0 | @a肿瘤学 |
| 690 | @aR73@v4 | |
| 701 | 0 | @a李恩孝@Ali en xiao@4主编 |
| 801 | 0 | @aCN@b大连网信软件有限公司图书馆·11@c20170410 |
| 905 | @b6603931@dR73@en2@f1 | |
| 恶性肿瘤分子靶向治疗/李恩孝主编.-2版.-北京:人民卫生出版社,2011 |
| 636;26cm |
| ISBN 7-117-14309-7(精装):¥98.00 |
| ● |
| 相关链接 |
|
|
|
|
正题名:恶性肿瘤分子靶向治疗
索取号:R73/n2
 
预约/预借
| 序号 | 登录号 | 条形码 | 馆藏地/架位号 | 状态 | 备注 |
| 1 | 6603931 | 266039315 | 密集书库-生命科学系/ [索取号:R73/n2] | 在馆 |